| 000 | 00537nam a22001817a 4500 | ||
|---|---|---|---|
| 005 | 20251108164146.0 | ||
| 008 | 250721s2001 xx 000 0 ara d | ||
| 082 | 1 | 4 | _a346.43/غيث |
| 100 | 1 | _aغيث، عزت | |
| 245 | 1 | 0 | _aالمبادىء القانونية لمحكمة التميز قضايا الإجارة / |
| 264 | 1 |
_aعمان : _bدار قنديل، _c2001. |
|
| 300 | _a596ص | ||
| 650 | 1 | 7 | _aالقانون المدني |
| 650 | 1 | 7 | _aالإيجارات |
| 650 | 1 | 7 | _aالمحاكم |
| 942 |
_2ddc _cBK |
||
| 999 |
_c5098 _d5098 |
||